000 00495nam a22001457a 4500
003 MACL
005 20200722125940.0
008 200722b xxu||||| |||| 00| 0 eng d
040 _cMACL
100 _aमिश्र,प्रो. सच्चिदानन्‍द
_979154
245 _aन्‍यायदर्शनम्
260 _aवाराणसी
_bद भारतीय विद्या प्रकाशन
_c2018
650 _aदर्शन
_979155
942 _2ddc
_cHIN
999 _c62754
_d62754